Movies Quiz

Random Movies or Quote Quiz

Western Quotes Quiz Stats

 Plays Quiz not verified by Sporcle

Support Sporcle.
Go Orange.
Score 0/5 Timer 05:00
0 Plays Today
Quote Movie % Correct
'I've never seen so many men so badly wasted.'The Good, the Bad, and the Ugly
55%
'I've got vision and the rest of the world wears bifocals.'Butch Cassidy and the Sundance Kid
45%
'How does it work on stains?'The Outlaw Josey Wales
45%
'What you want and what you get are two different things.'Pat Garrett and Billy the Kid
10%
'My heart soars like a hawk.'Little Big Man
5%

You're not logged in!

Compare scores with friends on all Sporcle quizzes.
OR
Log In

From the Vault

Click the 'C' Flags

by mg10

Imagine finding a way to spell flag with a C. We've been on it for the last hour. Can't figure it out.
Remove Ads.
Support Sporcle.
Get the best of Sporcle when you Go Orange. This ad-free experience offers more features, more stats, and more fun while also helping to support Sporcle. Thank you for becoming a member.

Show Comments

Extras

Created Mar 1, 2011ReportNominate
Tags:Quote Quiz, Western Movie

Top Quizzes Today


Score Distribution

Your Account Isn't Verified!

In order to create a playlist on Sporcle, you need to verify the email address you used during registration. Go to your Sporcle Settings to finish the process.

Report this User

Report this user for behavior that violates our Community Guidelines.

Details: